[Event "41st TCh-GRE"]
[Site "Rio (Achaia) GRE"]
[Date "2013.07.02"]
[Round "1.6"]
[White "Balaska,Eleni Sofia"]
[Black "Hnara,Maria-Danai"]
[Result "0-1"]
[WhiteElo "1364"]
[BlackElo "1675"]

1.e4 d6 2.d4 Nf6 3.Nc3 Nbd7 4.Nf3 e5 5.Bc4 Be7 6.O-O O-O 7.Re1 c6 8.a4 Qc7
9.b3 h6 10.Bb2 Re8 11.h3 Bf8 12.Re3 exd4 13.Nxd4 Ne5 14.Bf1 Ng6 15.Nf5 d5
16.Ne2 Nxe4 17.Nfd4 Bd7 18.Nf3 Bc5 19.Bd4 Bxd4 20.Qxd4 b6 21.Nc3 Nf6 22.Qd2 Rxe3
23.Qxe3 Re8 24.Qd2 Ne5 25.Nxe5 Qxe5 26.Rd1 Bf5 27.Bd3 Bxd3 28.Qxd3 Ne4 29.Nxe4 Qxe4
30.Qxe4 Rxe4 31.Kf1 Kf8 32.f3 Re6 33.Rd4 Ke7 34.Kf2 Kd6 35.Rd3 a6 36.Re3 b5
37.axb5 axb5 38.Rxe6+ fxe6 39.Ke3 c5 40.Kd3 c4+ 41.bxc4 bxc4+ 42.Kd4 e5+
43.Ke3 g5 44.g3 Ke6 45.c3 Kf5 46.g4+ Kf6 47.Kd2 d4 48.Kc2 Ke6 49.Kd2 Kd5
50.Kc2 e4 51.fxe4+ Kxe4 52.Kd2 d3 53.Kd1 Kf3 54.Ke1 Kg3 55.Kd2 Kxh3 56.Ke3 Kxg4
57.Kd4  0-1

[Event "47th Ilmar Raud Mem"]
[Site "Viljandi EST"]
[Date "2013.07.02"]
[Round "2.14"]
[White "Tsiganova,M"]
[Black "Narva,J"]
[Result "0-1"]
[WhiteElo "2110"]
[BlackElo "2300"]

1.e4 d6 2.d4 Nf6 3.Nc3 e5 4.Nf3 Nbd7 5.Bc4 Be7 6.O-O O-O 7.h3 c6 8.a4 a5
9.Be3 Nb6 10.Bb3 Nfd7 11.Qe2 exd4 12.Bxd4 Nc5 13.Qe3 Nbd7 14.Ba2 Ne6 15.Rad1 Nxd4
16.Nxd4 Nc5 17.Qf3 Qb6 18.Bc4 Be6 19.b3 Bxc4 20.bxc4 Qb4 21.e5 dxe5 22.Nf5 Rae8
23.Rfe1 g6 24.Rxe5 gxf5 25.Rde1 Ne6 26.Rxf5 Ng7 27.Rb1 Nxf5 28.Rxb4 axb4
29.Ne4 Ng7 30.c5 Rd8 31.g3 Rd4 32.Qe3 Rd1+ 33.Kg2 f5 34.Ng5 Bxg5 35.Qxg5 f4
36.gxf4 Rd4 37.Qe7 Rf7 38.Qe5 Rdxf4 39.Qb8+ Rf8 40.Qxb7 Rxf2+ 41.Kg1 Rf1+
42.Kg2 R8f2+ 43.Kg3 Nf5+ 44.Kg4 Rg1+  0-1

[Event "Klatov Open A 2013"]
[Site "Klatovy CZE"]
[Date "2013.07.03"]
[Round "5.1"]
[White "Simek,P2"]
[Black "Neuman,P"]
[Result "1/2-1/2"]
[WhiteElo "2378"]
[BlackElo "2522"]

1.e4 d6 2.d4 Nf6 3.Nc3 e5 4.Nf3 Nbd7 5.Bc4 Be7 6.O-O O-O 7.Re1 c6 8.a4 a5
9.b3 exd4 10.Nxd4 Nb6 11.Bf1 d5 12.e5 Ne4 13.Nxe4 dxe4 14.Bb2 f5 15.Ne2 Nd5
16.Nc3 Be6 17.Bc4 Nf4 18.Ne2 Nxe2+ 19.Qxe2  1/2-1/2

[Event "Klatov Open A 2013"]
[Site "Klatovy CZE"]
[Date "2013.07.03"]
[Round "5.8"]
[White "Rydl,Jiri"]
[Black "Taborsky,R"]
[Result "0-1"]
[WhiteElo "2057"]
[BlackElo "2260"]

1.e4 d6 2.d4 Nf6 3.Nc3 e5 4.dxe5 dxe5 5.Qxd8+ Kxd8 6.Bg5 Be6 7.O-O-O+ Nd7
8.f4 exf4 9.e5 h6 10.Bxf6+ gxf6 11.exf6 c6 12.Nge2 Bc5 13.Nd4 Bg4 14.Be2 Rg8
15.Bf3 Kc7 16.Ne4 Bb6 17.Rhe1 Rae8 18.c3 Ne5 19.Rf1 Bxf3 20.gxf3 Nxf3 21.Rxf3 Rxe4
22.Rdf1 Bxd4 23.cxd4 Rg2 24.R3f2 f3 25.Rxf3 Ree2 26.Rg3 Rc2+ 27.Kd1 Rgd2+
28.Ke1 Rxh2  0-1

[Event "47th Ilmar Raud Mem"]
[Site "Viljandi EST"]
[Date "2013.07.03"]
[Round "4.15"]
[White "Teemae,L"]
[Black "Narva,J"]
[Result "0-1"]
[WhiteElo "2052"]
[BlackElo "2300"]

1.e4 d6 2.d4 Nf6 3.Nc3 e5 4.dxe5 dxe5 5.Qxd8+ Kxd8 6.Bg5 c6 7.O-O-O+ Ke8
8.f4 Be7 9.Nf3 Ng4 10.Bxe7 Kxe7 11.Rd2 exf4 12.Bd3 Rg8 13.h3 Nh6 14.Ne2 Nd7
15.Nxf4 Nc5 16.Re1 g5 17.Nh5 g4 18.Nd4 gxh3 19.Nf5+ Bxf5 20.exf5+ Kf8 21.gxh3 Rg5
22.Nf6 Nxd3+ 23.Rxd3 Rxf5 24.Ng4 Nxg4 25.hxg4 Rd5 26.Rxd5 cxd5 27.Re5 Rd8
28.Kd2 f6 29.Rf5 Kg7 30.Kd3 Kg6 31.c3 Rd7 32.b3 Kf7 33.g5 Kg6 34.Rxf6+ Kxg5
35.Rf1 h5 36.Rg1+ Kf4  0-1

[Event "VIII Wroclaw Open A 2013"]
[Site "Wroclaw POL"]
[Date "2013.07.03"]
[Round "3.12"]
[White "Sliwicki,D"]
[Black "Khamidov,K"]
[Result "1/2-1/2"]
[WhiteElo "2027"]
[BlackElo "2080"]

1.e4 d6 2.d4 Nf6 3.Nc3 c6 4.h3 e5 5.dxe5 dxe5 6.Qxd8+ Kxd8 7.Bg5 Be6 8.f4 h6
9.O-O-O+ Kc7 10.Bxf6 gxf6 11.f5 Bc8 12.Bc4 Rh7 13.g4 Bc5 14.Nf3 b5 15.Bxb5 cxb5
16.Nd5+ Kb7 17.Nxf6 Rg7 18.Nxe5 Nc6 19.Nh5 Rh7 20.Nf6 Rg7 21.Rd5 Nxe5 22.Rxe5 Kc6
23.Rd1 Bb7 24.Kb1 Rc8 25.c3 a6 26.b4 Bf8 27.Kb2 Kb6 28.Kb3 Bc6 29.a3 Kc7
30.Nd5+ Bxd5+ 31.Rexd5 f6 32.a4 Rb8 33.axb5 axb5 34.Ra1 Kc6 35.Ra6+ Rb6 36.Ra8 Bd6
37.Rc8+ Kb7 38.Rh8 Rc7 39.Rxh6 Be5 40.Rxe5 fxe5 41.Rxb6+ Kxb6 42.g5 Kc6 43.h4 Kd7
44.h5 Ke7 45.h6 Kf7 46.Kc2 Rd7 47.Kc1  1/2-1/2

[Event "IsBank TCh-TUR 2013"]
[Site "Denizli TUR"]
[Date "2013.07.04"]
[Round "6.6"]
[White "Kerigan,D"]
[Black "Klinova,M"]
[Result "0-1"]
[WhiteElo "2262"]
[BlackElo "2322"]

1.e4 d6 2.d4 Nf6 3.Nc3 e5 4.Nf3 Nbd7 5.g4 h6 6.Rg1 Be7 7.Be3 c6 8.Qd2 exd4
9.Qxd4 Qb6 10.Qd2 Qxb2 11.Rb1 Qa3 12.Rb3 Qa5 13.g5 hxg5 14.Rxg5 Nc5 15.Bxc5 dxc5
16.Bc4 b5 17.Bxf7+ Kxf7 18.Ne5+ Ke8 19.Rxg7 Qc7 20.Qg5 Be6 21.Nxb5 cxb5 22.Rd3 Rh6
23.Ng6 Rxg6 24.Qxg6+ Kf8 25.Rh3 Qa5+ 26.c3 Qxa2 27.Rh8+ Ng8 28.e5 Rd8 29.Rgxg8+ Bxg8
30.e6 Qd2+  0-1

[Event "IsBank TCh-TUR 2013"]
[Site "Denizli TUR"]
[Date "2013.07.04"]
[Round "6.6"]
[White "Isgandarova,K"]
[Black "Tulay,B"]
[Result "1/2-1/2"]
[WhiteElo "2213"]
[BlackElo "2134"]

1.e4 d6 2.d4 Nf6 3.Nc3 c6 4.f4 Qa5 5.Bd3 e5 6.Nf3 exd4 7.Nxd4 g6 8.O-O Bg7
9.Be2 O-O 10.Be3 Re8 11.Bf3 Nxe4 12.Nxe4 d5 13.Nb3 Qc7 14.Bd4 dxe4 15.Bxg7 Kxg7
16.Qd4+ f6 17.Bxe4 Qb6 18.Rfe1 Be6 19.Qf2 Qxf2+ 20.Kxf2 Bxb3 21.axb3 Nd7
22.Bf3 Rxe1 23.Rxe1 Kf7 24.g4 Re8 25.Rxe8 Kxe8 26.Ke3 Ke7 27.h4 h6 28.Be4  1/2-1/2

[Event "IsBank TCh-TUR 2013"]
[Site "Denizli TUR"]
[Date "2013.07.04"]
[Round "7.5"]
[White "Erturan,Y"]
[Black "Tulay,B"]
[Result "1-0"]
[WhiteElo "2374"]
[BlackElo "2134"]

1.e4 d6 2.d4 Nf6 3.Nc3 c6 4.f3 e5 5.Be3 Qb6 6.Rb1 Be7 7.Qd2 Qc7 8.Bd3 Nbd7
9.Nge2 b5 10.Ng3 Nb6 11.O-O O-O 12.Nce2 c5 13.c3 c4 14.Bc2 Re8 15.Kh1 g6
16.f4 Ng4 17.Bg1 h5 18.Rf3 h4 19.Nf1 exf4 20.Nxf4 Qd8 21.h3 Nf6 22.Bf2 Nh7
23.Nxg6 fxg6 24.Qh6 Nf8 25.e5 Bb7 26.Rf4 Nd5 27.Rg4 Kf7 28.Bxg6+  1-0

[Event "IsBank TCh-TUR 2013"]
[Site "Denizli TUR"]
[Date "2013.07.04"]
[Round "7.4"]
[White "Mammadova,G"]
[Black "Markus,Rob"]
[Result "0-1"]
[WhiteElo "2322"]
[BlackElo "2611"]

1.e4 d6 2.d4 Nf6 3.Nc3 e5 4.Nf3 Nbd7 5.Be2 Be7 6.h3 c6 7.Be3 b5 8.a3 Bb7
9.O-O O-O 10.Re1 Qc7 11.Nh4 g6 12.Bh6 Rfe8 13.dxe5 dxe5 14.Bf1 Bf8 15.Bg5 h6
16.Be3 a6 17.g3 Rad8 18.Bg2 Nc5 19.Qf3 Nh7 20.Bxc5 Bxc5 21.Nd1 Ng5 22.Qe2 Rd6
23.b4 Bb6 24.c4 bxc4 25.Qxc4 Qd7 26.Qf1 c5 27.Nb2 cxb4 28.Nc4 Rf6 29.Nxb6 Rxb6
30.Rad1 Qe6 31.axb4 Rxb4 32.f3 a5 33.Kh2 Rb2 34.Rb1 Ba6 35.Rxb2 Bxf1 36.Rxf1 a4
37.Ra1 Qd7 38.Bf1 Rc8 39.Rba2 Rc3 40.Bg2 Rd3 41.Rxa4 Rd2 42.g4 Qd3 43.R4a2 Ne6
44.Rxd2 Qxd2 45.Rf1 Qf4+  0-1

[Event "IsBank TCh-TUR 2013"]
[Site "Denizli TUR"]
[Date "2013.07.04"]
[Round "7.1"]
[White "Zhigalko,S"]
[Black "Ipatov,Alexander"]
[Result "1-0"]
[WhiteElo "2661"]
[BlackElo "2590"]

1.e4 d6 2.d4 Nf6 3.Nc3 e5 4.Nf3 Nbd7 5.Bc4 Be7 6.O-O O-O 7.a4 a6 8.Re1 b6
9.h3 Bb7 10.d5 Kh8 11.Be3 Ng8 12.Qd2 g6 13.Nh2 Bf6 14.g3 Bg7 15.f4 exf4 16.gxf4 Ngf6
17.Nf3 Nh5 18.Qf2 Qf6 19.Nd2 c6 20.dxc6 Bxc6 21.Nd5 Bxd5 22.Bxd5 Rac8 23.Nc4 b5
24.axb5 axb5 25.Ra7 Nc5 26.e5 dxe5 27.Nxe5 Ne6 28.Nd7 Qxb2 29.Bxe6 Rfe8 30.Ra2 Qc3
31.Bd2 Qc7 32.Bg4 Rxe1+ 33.Bxe1 Nxf4 34.Bd2 f5 35.Bxf4 Qxd7 36.Bf3 h5 37.Kg2 Rc4
38.Ra8+ Kh7 39.Ra7 Qe6 40.Qd2 Qc8 41.Be5 Rxc2 42.Rxg7+  1-0

[Event "Klatov Open A 2013"]
[Site "Klatovy CZE"]
[Date "2013.07.04"]
[Round "6.9"]
[White "Lacina,A"]
[Black "Marsalek,Z"]
[Result "0-1"]
[WhiteElo "2214"]
[BlackElo "2260"]

1.e4 d6 2.d4 Nf6 3.Nc3 e5 4.Nf3 Nbd7 5.Bc4 Be7 6.O-O O-O 7.Re1 c6 8.a4 h6
9.a5 Rb8 10.d5 b5 11.axb6 Nxb6 12.Bb3 cxd5 13.exd5 a6 14.h3 Qc7 15.Nh2 Nbd7
16.f4 Rb4 17.Nf3 Re8 18.fxe5 dxe5 19.Ba4 e4 20.Nd2 Qe5 21.Nf1 Rd8 22.Be3 Rxb2
23.Bxd7 Qxc3 24.Bxc8 Qxc8 25.Bd4 Rb5 26.c4 Qxc4 27.Ne3 Qc8 28.Rc1 Qd7 29.Bxf6 Bxf6
30.Rc4 Bg5 31.Rxe4 Bxe3+ 32.R4xe3 Rxd5 33.Qe2 Qb5 34.Qf3 Rd3 35.Rxd3 Rxd3
36.Qa8+ Kh7 37.Rf1 f5 38.Qc8 Rd5 39.Qe6 Re5 40.Qf7 Qd5 41.Qf8 a5 42.Kh2 a4
43.Rf3 Qc5 44.Qf7 Qd5 45.Qa7 Re4 46.Kh1 Qe5 47.Kg1 Re1+ 48.Kf2 Re2+ 49.Kf1 Rc2
50.Kg1 Rc1+ 51.Rf1 Rxf1+ 52.Kxf1 Qa1+ 53.Kf2 Qb2+ 54.Kg3 a3 55.Qf7 Qc3+ 56.Kh2 Qe5+
57.Kh1 Qa5 58.Qa2 Qa6 59.h4 Kg6 60.Kh2 Qd6+ 61.Kh3 Qd3+ 62.Kh2 Kh5 63.Qf7+ g6
64.g3 Qe2+ 65.Kh3 a2 66.Qf6 Qf1+ 67.Kh2 a1=Q 68.g4+ fxg4 69.Qe5+ Qxe5+  0-1

[Event "ch-NOR 2013"]
[Site "Lillehammer NOR"]
[Date "2013.07.04"]
[Round "7.3"]
[White "Johannessen,LE"]
[Black "Groenn,A"]
[Result "1-0"]
[WhiteElo "2520"]
[BlackElo "2368"]

1.e4 d6 2.d4 Nf6 3.Nc3 e5 4.Nf3 Nbd7 5.Bc4 Be7 6.O-O O-O 7.Re1 c6 8.a4 b6
9.Ba2 Bb7 10.Bg5 h6 11.Be3 Ng4 12.Bc1 Kh7 13.Ne2 f5 14.exf5 e4 15.Nf4 exf3
16.Qxf3 Ngf6 17.Qg3 Re8 18.Ne6 Bf8 19.Ng5+  1-0

[Event "2nd Arberopen 2013"]
[Site "Bayerisch Eisenstein GER"]
[Date "2013.07.05"]
[Round "7.10"]
[White "Medunova,V"]
[Black "Bader,Gerd"]
[Result "1-0"]
[WhiteElo "2133"]
[BlackElo "2026"]

1.e4 d6 2.d4 Nf6 3.Nc3 Nbd7 4.Nf3 e5 5.h3 Be7 6.Bc4 O-O 7.O-O c6 8.dxe5 dxe5
9.a4 a5 10.Qe2 Qc7 11.Bd2 Nc5 12.Rad1 Be6 13.Bg5 Rad8 14.b3 Rxd1 15.Rxd1 Rd8
16.Bxe6 Rxd1+ 17.Qxd1 Nxe6 18.Bxf6 Bxf6 19.g3 Be7 20.Kg2 h6 21.Qd3 Bb4 22.Nd1 Qd6
23.Nb2 Qxd3 24.Nxd3 f6 25.Nxb4 axb4 26.Kf1 Kf7 27.Ke2 Ke7 28.Ke3 Kd6 29.Ne1 Nd4
30.Kd2 h5 31.Nd3 c5 32.Nb2 h4 33.Nc4+ Kc6 34.Ne3 hxg3 35.fxg3 Nf3+ 36.Kd3 Nd4
37.h4 b6 38.h5 Kd6 39.Nd5 Kc6 40.Nxf6 Ne6 41.Ne8 Kd7 42.Nxg7 Ng5 43.Nf5 Ke8
44.Nd6+ Kf8 45.Nc4  1-0

[Event "Karvina Open 2013"]
[Site "Karvina CZE"]
[Date "2013.07.05"]
[Round "7.3"]
[White "Obrusnik,M"]
[Black "Kosiorek,M"]
[Result "1-0"]
[WhiteElo "2230"]
[BlackElo "2340"]

1.e4 d6 2.d4 Nf6 3.Nc3 c6 4.f4 Qa5 5.Bd3 e5 6.Nf3 Bg4 7.Be3 Nbd7 8.O-O Be7
9.h3 Bxf3 10.Qxf3 O-O 11.g4 exd4 12.Bxd4 Bd8 13.Kh1 Bb6 14.Bxb6 axb6 15.a3 b5
16.g5 Ne8 17.Ne2 g6 18.h4 Ng7 19.c3 Rae8 20.Rad1 Nb6 21.Ng3 Qa4 22.Qf2 Qa5
23.h5 Ne6 24.f5 Nc5 25.Bc2 Qa8 26.Rxd6 Nc4 27.Qxc5 Re5 28.Qd4 c5 29.Qd3 Nxb2
30.Qf3 Nc4 31.Rd7 Ree8 32.fxg6 fxg6 33.Rf7 Ne5 34.Rxf8+ Rxf8 35.Qxf8+ Qxf8
36.Rxf8+ Kxf8 37.hxg6 hxg6 38.Bb3 Nf3 39.Bd5 b6 40.Kg2 Nxg5 41.Bc6 b4 42.axb4 cxb4
43.cxb4 Ke7 44.Kf2 Kd6 45.Bd5 Ke5 46.Ke3 Nh7 47.Ne2 Nf6 48.Nf4 Ng4+ 49.Kf3 Nh2+
50.Kg2 Ng4 51.Nxg6+ Kd4 52.Kf3 Nf6 53.Ne7 b5 54.Nc6+ Kc3 55.Kf4 Nd7 56.e5 Nb6
57.Ke4  1-0

[Event "Klatov Open A 2013"]
[Site "Klatovy CZE"]
[Date "2013.07.05"]
[Round "7.7"]
[White "Folk,P"]
[Black "Taborsky,R"]
[Result "1-0"]
[WhiteElo "2221"]
[BlackElo "2260"]

1.e4 d6 2.d4 Nf6 3.Nc3 e5 4.Nf3 Nbd7 5.Bc4 Be7 6.O-O O-O 7.Re1 c6 8.a4 a5
9.b3 Nb6 10.Bf1 exd4 11.Nxd4 d5 12.e5 Ne4 13.Nxe4 dxe4 14.Bb2 f5 15.f4 Bc5
16.Kh1 Qe7 17.Qh5 Kh8 18.c4 Be6 19.Rad1 Rad8 20.Bc3 Bxd4 21.Bxd4 Qb4 22.Bxb6 Qxb6
23.Qh4 c5 24.Qe7 Rfe8 25.Rxd8 Rxd8 26.Be2 h6 27.Bh5 Rd7 28.Qe8+ Bg8 29.Qxd7  1-0

[Event "6th ch-Cent SRB Int 2013"]
[Site "Paracin SRB"]
[Date "2013.07.05"]
[Round "1.9"]
[White "Radovanovic,Nik"]
[Black "Tadic,Br"]
[Result "1-0"]
[WhiteElo "2249"]
[BlackElo "2505"]

1.e4 d6 2.d4 Nf6 3.Nc3 e5 4.Nf3 Nbd7 5.Bc4 Be7 6.O-O O-O 7.Re1 c6 8.a4 exd4
9.Nxd4 Ne5 10.Ba2 Re8 11.h3 Qa5 12.f4 Ng6 13.Qd3 Bd8 14.b4 Qxb4 15.Ba3 Nxf4
16.Bxb4 Nxd3 17.cxd3 Bb6 18.Ne2 c5 19.a5 Bd8 20.Nb5 cxb4 21.Nxd6 Re7 22.e5 Ne8
23.Nxf7 Be6 24.Bxe6 Rxe6 25.Nxd8 Rxd8 26.Nf4 Re7 27.Re4 g5 28.Nh5 b3 29.d4 Nd6
30.exd6 Rxe4 31.Nf6+ Kf7 32.Nxe4 Ke6 33.Nc5+ Kd5 34.Nxb7 Rd7 35.a6 Kxd4 36.Rb1 Kc4
37.Rxb3  1-0

[Event "41st TCh-GRE"]
[Site "Rio (Achaia) GRE"]
[Date "2013.07.05"]
[Round "5.5"]
[White "Skaraki,A"]
[Black "Voiska,M"]
[Result "0-1"]
[WhiteElo "1923"]
[BlackElo "2237"]

1.e4 d6 2.d4 Nf6 3.Nc3 e5 4.Nge2 Nc6 5.h3 Be7 6.g4 d5 7.exd5 Nxd5 8.dxe5 Nxc3
9.Qxd8+ Bxd8 10.Nxc3 Nxe5 11.Bg2 O-O 12.Bf4 Ng6 13.Be3 c6 14.O-O-O Bb6 15.Rhe1 Be6
16.Na4 Bxe3+ 17.Rxe3 Nf4 18.Bh1 Bd5 19.h4 Rfe8 20.Bxd5 Nxd5  0-1

[Event "41st Annual World Open"]
[Site "Arlington USA"]
[Date "2013.07.06"]
[Round "7.5"]
[White "Robson,R"]
[Black "Gelashvili,T"]
[Result "0-1"]
[WhiteElo "2628"]
[BlackElo "2572"]

1.e4 d6 2.d4 Nf6 3.Nc3 e5 4.Nf3 exd4 5.Nxd4 Be7 6.g3 O-O 7.Bg2 Re8 8.O-O c6
9.a4 a5 10.Re1 Bf8 11.h3 Nbd7 12.g4 g6 13.Bf4 Nc5 14.Qd2 Qb6 15.e5 dxe5 16.Bxe5 Ncd7
17.Bf4 Rxe1+ 18.Rxe1 Qxb2 19.g5 Nh5 20.Bc7 Ng7 21.Rb1 Qa3 22.Ne4 Qxa4 23.Re1 Qa2
24.Bd6 Qb2 25.Bxf8 Nxf8 26.Qf4 Be6 27.Nf6+ Kh8 28.Qh4 a4 29.Re4 a3 30.Qh6 a2
31.Rh4 a1=Q+ 32.Kh2 Nh5 33.Rxh5 gxh5 34.Nxh7 Nxh7 35.Be4 Qg1+ 36.Kxg1 Qc1+
37.Kh2 Qf4+  0-1

[Event "e2e4 Sunningdale July Open"]
[Site "Ascot ENG"]
[Date "2013.07.06"]
[Round "2"]
[White "Martin,Le"]
[Black "Cooksey,P"]
[Result "0-1"]
[WhiteElo "2043"]
[BlackElo "2293"]

1.e4 d6 2.d4 Nf6 3.Nc3 e5 4.dxe5 dxe5 5.Qxd8+ Kxd8 6.Bc4 Ke8 7.Nf3 Bd6 8.h3 c6
9.a4 Nbd7 10.Be3 Bb4 11.Nd2 b6 12.O-O Ke7 13.f3 Ne8 14.Nd1 Nc7 15.c3 Bd6
16.Bf2 g6 17.Ne3 Nc5 18.b4 N5e6 19.Rfd1 Bb7 20.Ndf1 Rhd8 21.Bh4+ f6 22.Ra2 Ne8
23.Rad2 Bc7 24.Ng3 N6g7 25.Ngf1 Rxd2 26.Rxd2 Bd6 27.Ng4 g5 28.Bf2 h5 29.Nh6 Bc7
30.Ng8+ Kf8 31.Rd7 Bc8 32.Rf7+ Kxg8 33.Rxc7+ Be6 34.Rxc6 Bxc4 35.Rxc4 Rd8
36.Ne3 Ne6 37.g3 N8c7 38.Be1 Rd6 39.Kf2 a6 40.Nf5 Rd1 41.Rc6 b5 42.axb5 axb5
43.Nd6 h4 44.Nxb5 hxg3+ 45.Ke2 g2 46.Bf2 Rf1  0-1

[Event "V4 Int Open ch-SVK 2013"]
[Site "Banska Stiavnica SVK"]
[Date "2013.07.06"]
[Round "1.3"]
[White "Sosovicka,J"]
[Black "Michalik,P"]
[Result "0-1"]
[WhiteElo "2201"]
[BlackElo "2579"]

1.e4 d6 2.d4 Nf6 3.Nc3 e5 4.Nf3 Nbd7 5.Bc4 Be7 6.O-O O-O 7.Re1 a6 8.a4 h6
9.b3 Re8 10.Bb2 Bf8 11.Qd2 exd4 12.Qxd4 Nb6 13.Bf1 Bg4 14.Nd2 g6 15.Nc4 Nbd7
16.Qd2 Bg7 17.f3 Be6 18.Ne3 a5 19.Bc4 Nc5 20.Rad1 Nh5 21.Ba1 Nd7 22.Bxe6 fxe6
23.Ne2 Nhf6 24.Bc3 b6 25.Nd4 e5 26.Nb5 Nc5 27.Nd5 Nxd5 28.Qxd5+ Kh7 29.Bd2 Ne6
30.Be3 Qe7 31.c4 g5 32.Qd2 Rg8 33.Nxd6 cxd6 34.Qxd6 Qxd6 35.Rxd6 Nd4 36.Rxb6 Rgb8
37.Bxd4 exd4 38.Rb5 Bf8 39.Kf1 Rxb5 40.cxb5 d3 41.Rc1 Rd8 42.Rc7+ Kg8 43.Ke1 Bd6
44.Rc6 Bxh2 45.Rxh6 Bf4 46.Rc6 Kf7 47.Rc3 d2+ 48.Kd1 Rh8 49.Ke2 Rh1  0-1

[Event "V4 Int Open ch-SVK 2013"]
[Site "Banska Stiavnica SVK"]
[Date "2013.07.06"]
[Round "1.50"]
[White "Novotny,M2"]
[Black "Volna,Lukas"]
[Result "1-0"]
[WhiteElo "1984"]
[BlackElo "1809"]

1.e4 d6 2.d4 Nf6 3.Nc3 Nbd7 4.Bc4 e5 5.Nf3 Be7 6.dxe5 Nxe5 7.Nxe5 dxe5 8.Qxd8+ Bxd8
9.O-O Bd7 10.Bg5 Bc6 11.Rae1 O-O 12.f4 exf4 13.Bxf4 Nh5 14.Bc1 Be7 15.Nd5 Bxd5
16.Bxd5 c6 17.Bc4 g5 18.Rf3 Rae8 19.Be3 b6 20.Ref1 Bf6 21.c3 Rxe4 22.Bd3 Re7
23.Rh3 Rd8 24.Bc2 Rd6 25.Bc1 Ng7 26.Bxh7+ Kf8 27.Bc2 Re5 28.Rhf3 Ke7 29.Bb3 Ne8
30.h3 Nc7 31.h4 Nd5 32.hxg5 Bxg5 33.Bxg5+ Rxg5 34.Rxf7+ Ke8 35.Rxa7 Rdg6
36.Rf2 Ne3 37.Bf7+  1-0

[Event "2nd Arberopen 2013"]
[Site "Bayerisch Eisenstein GER"]
[Date "2013.07.06"]
[Round "8.2"]
[White "Hermann,Man"]
[Black "Vorobiov,E"]
[Result "0-1"]
[WhiteElo "2320"]
[BlackElo "2583"]

1.e4 d6 2.d4 Nf6 3.Nc3 Nbd7 4.Nf3 e5 5.Bc4 Be7 6.O-O O-O 7.Re1 c6 8.a4 exd4
9.Qxd4 Qc7 10.h3 Ne5 11.Be2 Ng6 12.Be3 Re8 13.Rad1 Nd7 14.Bg5 Bf8 15.Nh4 Nxh4
16.Bxh4 Ne5 17.Bg3 a6 18.f4 Nd7 19.Kh2 b5 20.Bf3 Qb6 21.Qxb6 Nxb6 22.b3 Bb7
23.Bf2 Nd7 24.g3 Rad8 25.Kg2 g6 26.Rd3 h5 27.h4 Nf6 28.Red1 Rc8 29.Rxd6 Bxd6
30.Rxd6 Ng4 31.e5 Nxf2 32.Kxf2 Re7 33.Ne4 c5 34.Nf6+ Kg7 35.Nd5 Re6 36.axb5 Rxd6
37.exd6 Bxd5 38.Bxd5 axb5 39.d7 Rb8 40.Bc6 b4 41.Ke3 Kf6 42.Kd3 Ke6 43.Kc4 Kd6
44.Bd5 f5 45.Bf7 Kxd7 46.Kxc5 Rc8+ 47.Kxb4 Rxc2 48.Bxg6 Ke6 49.Bxh5 Rg2 50.Kc5 Rxg3
51.Be2 Rh3 52.h5 Rh4 53.b4 Rxf4 54.b5 Rf2 55.Bc4+ Kd7 56.b6 Rd2 57.Bd5 f4
58.b7 Kc7 59.h6 Rh2 60.Kd4 Rxh6 61.Ke4 Rd6 62.Bb3 Rf6 63.Bd1 Kxb7 64.Bf3 Kc7
65.Ke5 Rf8 66.Ke6 Kb6 67.Kd6 Re8  0-1

[Event "IsBank TCh-TUR 2013"]
[Site "Denizli TUR"]
[Date "2013.07.06"]
[Round "9.1"]
[White "Zhigalko,S"]
[Black "Mamedov,Nid"]
[Result "1/2-1/2"]
[WhiteElo "2661"]
[BlackElo "2602"]

1.e4 d6 2.d4 Nf6 3.Nc3 e5 4.Nf3 Nbd7 5.Bc4 Be7 6.O-O O-O 7.Re1 c6 8.a4 a5
9.h3 Nb6 10.Ba2 Nfd7 11.Be3 exd4 12.Qxd4 Nc5 13.Rad1 Be6 14.b3 Ncd7 15.Ne2 d5
16.Nf4 Re8 17.Nxe6 fxe6 18.e5 Bc5 19.Qg4 Bxe3 20.Rxe3 Qe7 21.c3 c5 22.Bb1 Nf8
23.h4 c4 24.Bc2 Rac8 25.Nd4 cxb3 26.Bxb3 Nc4 27.Ree1 Ng6 28.Nf3 Qa3 29.Bc2 Nf8
30.Rb1 b6 31.Qd4 Rc6 32.h5 Qe7 33.Bd3 Rec8 34.Re2 Nd7 35.Kh1 R6c7 36.Kg1 Kh8
37.Ra2 Qe8 38.h6 gxh6 39.Qh4 Qf8 40.Re2 Na3 41.Rd1 Rxc3 42.Nd4 Nc5 43.Re3 Nc4
44.Rf3 Qg7 45.Rg3 Qf8 46.Rf3 Qg7 47.Rg3 Qf8 48.Rf3  1/2-1/2

[Event "St. Pauli Open 2013"]
[Site "Hamburg GER"]
[Date "2013.07.06"]
[Round "1.17"]
[White "Meissner,F"]
[Black "Preuss,F"]
[Result "1-0"]
[WhiteElo "2285"]
[BlackElo "1994"]

1.e4 d6 2.d4 Nf6 3.Nc3 e5 4.Nge2 Be7 5.h3 c6 6.g3 Nbd7 7.Bg2 b5 8.a3 Bb7
9.Be3 Qc7 10.O-O a6 11.Qd2 Rd8 12.g4 Nb6 13.b3 exd4 14.Nxd4 d5 15.e5 Ne4
16.Nxe4 dxe4 17.Qa5 c5 18.Nf5 Kf8 19.Rad1 h5 20.Rxd8+ Bxd8 21.Rd1 Be7 22.Nxe7 Kxe7
23.Rd6 Nd5 24.Qxc7+ Nxc7 25.Bxc5 Ne6 26.Bb4 Ke8 27.Rb6 Nd8 28.g5 Kd7 29.Rd6+ Kc8
30.g6 fxg6 31.Rxg6 Re8 32.h4 Kb8 33.Rxg7 Ne6 34.Bd6+ Ka8 35.Re7 Rxe7 36.Bxe7 Bd5
37.c4 bxc4 38.bxc4 Bc6 39.Bh3 Nf4 40.Bf5 Kb7 41.Bd6 Kb6 42.Kh2 a5 43.e6 Nd3
44.Kg3  1-0

[Event "120th ch-SCO 2013"]
[Site "Helensburgh SCO"]
[Date "2013.07.06"]
[Round "1.18"]
[White "Lees,Fraser A"]
[Black "Olson,Hamish"]
[Result "1/2-1/2"]
[WhiteElo "1802"]
[BlackElo "2021"]

1.e4 d6 2.d4 Nf6 3.Nc3 e5 4.Nge2 Nbd7 5.f3 c6 6.Be3 b5 7.Qd2 Bb7 8.Ng3 g6
9.Be2 a6 10.f4 h5 11.Bf3 Ng4 12.Bxg4 hxg4 13.f5 Qh4 14.O-O-O Bh6 15.fxg6 fxg6
16.Bxh6 Qxh6 17.Qxh6 Rxh6 18.dxe5 dxe5 19.Rd2 O-O-O 20.Nd1 Nc5 21.Ne3 Rxd2
22.Kxd2 Rh4 23.h3 gxh3 24.Rxh3 Rxh3 25.gxh3 Kd7 26.Ng4 Kd6 27.b3 Bc8 28.Nf2 g5
29.Ke3 b4 30.Ne2 Ne6 31.c4 Nf4 32.Ng1 a5 33.Ng4 Nxh3 34.Nxh3 Bxg4 35.Nxg5 Bd1
36.Kd2 Bh5 37.Ke3 Kc5 38.Ne6+ Kd6 39.Ng5 Be8 40.Nf3 c5 41.Ne1 a4 42.Nd3 Bf7
43.Nc1 a3 44.Kd3 Ke6 45.Ne2 Bh5 46.Nc1 Bf3 47.Ke3 Bg2 48.Nd3 Kd6 49.Nc1 Bf1
50.Kf2 Bh3 51.Ke3 Be6 52.Kd3 Ke7 53.Kc2 Bf7 54.Kd2 Bh5 55.Nd3 Kd6 56.Nf2 Bf7
57.Kd3 Be6 58.Nd1 Bg4 59.Ne3 Bf3 60.Nf5+ Kd7 61.Ne3 Ke6 62.Nf1 Bd1 63.Nd2 Kf6
64.Ke3 Kg5 65.Kf2 Kf4 66.Ke1 Bc2 67.Ke2 Bxe4 68.Nf1 Bb1 69.Ke1  1/2-1/2

[Event "EY Boys Teams 2013"]
[Site "Maribor SLO"]
[Date "2013.07.06"]
[Round "1"]
[White "Licznerski,L"]
[Black "Ostovic,M"]
[Result "1/2-1/2"]
[WhiteElo "2328"]
[BlackElo "2316"]

1.e4 d6 2.d4 Nf6 3.Nc3 e5 4.Nge2 Be7 5.f3 c6 6.Be3 b5 7.dxe5 dxe5 8.Qxd8+ Bxd8
9.a4 Bb6 10.Kf2 Bxe3+ 11.Kxe3 b4 12.Nb1 Ke7 13.Nc1 Nbd7 14.Nd2 a5 15.Ncb3 Nb6
16.Be2 Be6 17.Rhc1 Rhc8 18.c3 c5 19.cxb4 cxb4 20.Nc5 Nbd7 21.Nxe6 fxe6 22.Bb5 Nc5
23.Rc2 Nb7 24.Rac1 Nd6 25.Rc7+ Kd8 26.R7c6 Nxb5 27.axb5 a4 28.Rd6+ Nd7 29.Rxc8+ Rxc8
30.Kd3 a3 31.bxa3 Rc3+ 32.Ke2 bxa3 33.Ra6 Nc5 34.Ra8+ Kc7 35.Nb1 Rc2+ 36.Kd1 Rxg2
37.Nxa3 Ra2 38.Kc1 Kb7 39.Kb1 Rxh2 40.Rg8 Rg2 41.Nc4 Nd7 42.Re8 h5 43.Rh8 Rg3
44.Rxh5 Rxf3 45.Rg5 Rc3 46.Nxe5 Rb3+ 47.Kc2 Rxb5 48.Rxg7 Rxe5 49.Rxd7+ Kc6
50.Rd4  1/2-1/2

[Event "Opatija Open A 2013"]
[Site "Opatija CRO"]
[Date "2013.07.06"]
[Round "8.1"]
[White "Plenca,J"]
[Black "Bosiocic,Mari"]
[Result "0-1"]
[WhiteElo "2351"]
[BlackElo "2556"]

1.e4 d6 2.d4 Nf6 3.Nc3 e5 4.Nf3 Nbd7 5.g4 Nxg4 6.Rg1 Ngf6 7.Be3 c6 8.Qd2 b5
9.O-O-O Bb7 10.dxe5 dxe5 11.Nxb5 Nxe4 12.Qe1 cxb5 13.Bxb5 Bd6 14.Rxg7 Qf6
15.Bxd7+ Ke7 16.Rg5 Kxd7 17.Nxe5+ Kc8 18.Nc4 Bc7 19.Rg4 Re8 20.Qb4 a5 21.Qb5 Qc6
22.Qf5+ Qe6 23.Qxe6+ fxe6 24.Rg7 Bd5 25.Nb6+ Bxb6 26.Bxb6 Ra6 27.Bd4 h5 28.b3 e5
29.Bb2 Nf6 30.Rg5 Rae6 31.Re1 Be4 32.f3 Bxf3 33.Rgxe5 Rxe5 34.Rxe5 Rxe5 35.Bxe5 Ng4
36.Bg3 Ne3 37.a4 Nf1 38.Bf4 Kd7 39.c3 Ke6 40.b4 Kf5 41.Bc7 Kg4 42.b5 Bd5
43.Bxa5 Nxh2 44.Bc7 Nf1 45.a5 h4 46.a6 Bc4 47.a7 Bd5 48.c4 Ba8 49.c5 h3 50.c6 Kf5
51.Kc2 Ke6 52.Kc3 h2 53.Bxh2 Nxh2 54.Kb4 Kd6 55.Kc4 Ng4 56.Kd4 Nf6 57.Kc4 Nd5
58.Kb3 Kc5 59.Ka4 Kb6 60.Kb3 Kxb5 61.Kc2 Kxc6 62.Kd3 Nc7 63.Kd4 Kd6 64.Kc4 Bd5+
65.Kb4 Kc6 66.a8=Q+ Nxa8 67.Kc3 Kc5 68.Kd3 Nc7 69.Kc3 Bc4 70.Kc2 Kd4 71.Kb2 Kd3
72.Ka1 Kc3 73.Kb1 Nd5 74.Ka1 Ne3 75.Kb1 Nc2 76.Kc1 Ba2 77.Kd1 Nd4 78.Ke1 Kd3
79.Kf2 Ne2 80.Kf3 Be6  0-1

[Event "6th ch-Cent SRB Int 2013"]
[Site "Paracin SRB"]
[Date "2013.07.06"]
[Round "2.12"]
[White "Cerovic,D"]
[Black "Kuzmicz,K"]
[Result "1/2-1/2"]
[WhiteElo "2340"]
[BlackElo "2470"]

1.e4 d6 2.d4 Nf6 3.Nc3 e5 4.Nf3 Nbd7 5.Rg1 g6 6.g4 Bg7 7.g5 Nh5 8.Be3 O-O
9.Qd2 a6 10.O-O-O Re8 11.dxe5 Nxe5 12.Be2 Ng4 13.Nd4 Nxe3 14.Qxe3 c5 15.Nb3 Bxc3
16.Qxc3 Nf4 17.Qe3 Nxe2+ 18.Qxe2 Qe7 19.Qd2 Be6 20.f3 Red8 21.Kb1 a5 22.Rge1 b5
23.Qf4 a4 24.Nd2 b4 25.Qf6 Qb7 26.f4 Bg4 27.Rc1 d5 28.h3 Bd7 29.f5 Re8 30.fxg6 hxg6
31.h4 dxe4 32.Rf1 Bf5 33.Rxf5 Re6 34.Qxe6 fxe6 35.Re5 a3 36.b3 Qd7 37.Nc4 Rf8
38.Rxe4 Rf5 39.Rce1 Rd5 40.Kc1 Qg7 41.Kb1 Qd7 42.Kc1 Rd4 43.Re5 Rxh4 44.Rxe6 Rxc4
45.bxc4 Kf7 46.Rf6+ Kg7 47.Rfe6 Kf7 48.Rf6+ Kg7 49.Rfe6  1/2-1/2